হৃদয়ের টুকরোয় গাঁথা : (Record no. 258296)
[ view plain ]
| 000 -LEADER | |
|---|---|
| fixed length control field | 00826nam a22002057a 4500 |
| 003 - CONTROL NUMBER IDENTIFIER | |
| control field | BD-DhUL |
| 005 - DATE AND TIME OF LATEST TRANSACTION | |
| control field | 20230613142637.0 |
| 008 - FIXED-LENGTH DATA ELEMENTS--GENERAL INFORMATION | |
| fixed length control field | 230503s2022 bg |||| |||| 000 0 ben |
| 020 ## - INTERNATIONAL STANDARD BOOK NUMBER | |
| International Standard Book Number | 9789848021246 (hbk) |
| 040 ## - CATALOGING SOURCE | |
| Original cataloging agency | BD-DhUL |
| Transcribing agency | BD-DhUL |
| 082 ## - DEWEY DECIMAL CLASSIFICATION NUMBER | |
| Classification number | 954.92 |
| Item number | HRI |
| 245 10 - TITLE STATEMENT | |
| Title | হৃদয়ের টুকরোয় গাঁথা : |
| Remainder of title | দেশভাগ ও একাত্তরের স্মৃতি / |
| Statement of responsibility, etc. | সম্পাদনায় ঝর্ণা বসু । |
| 260 ## - PUBLICATION, DISTRIBUTION, ETC. (IMPRINT) | |
| Place of publication, distribution, etc. | ঢাকা : |
| Name of publisher, distributor, etc. | চারদিক, |
| Date of publication, distribution, etc. | ২০২২ । |
| 300 ## - PHYSICAL DESCRIPTION | |
| Extent | [৮], ২৮৭ পৃ. ; |
| Dimensions | ২২ সেমি. |
| 365 ## - TRADE PRICE | |
| Price type code | BDT |
| Price amount | 600.00 |
| 651 #4 - SUBJECT ADDED ENTRY--GEOGRAPHIC NAME | |
| Geographic name | বাংলাদেশ |
| General subdivision | ইতিহাস । |
| 651 #4 - SUBJECT ADDED ENTRY--GEOGRAPHIC NAME | |
| Geographic name | Bangladesh |
| General subdivision | History. |
| 700 1# - ADDED ENTRY--PERSONAL NAME | |
| Personal name | বসু, ঝর্ণা |
| Relator term | সম্পা. |
| 942 ## - ADDED ENTRY ELEMENTS (KOHA) | |
| Source of classification or shelving scheme | |
| Koha item type | Books |
| Price effective from | Date last seen | Permanent Location | Not for loan | Date acquired | Source of classification or shelving scheme | Koha item type | Lost status | Withdrawn status | Copy number | Source of acquisition | Collection code | Damaged status | Shelving location | Barcode | Current Location | Public note | Full call number |
|---|---|---|---|---|---|---|---|---|---|---|---|---|---|---|---|---|---|
| 2023-05-03 | 2023-05-03 | Dhaka University Library | Not For Loan | 2023-03-06 | Books | 1 | Purchased | Non Fiction | Liberation War Collection | 513241 | Dhaka University Library | মুক্তিযুদ্ধ বিষয়ক সেল | 954.92 HRI | ||||
| 2023-05-03 | 2023-05-03 | Dhaka University Library | Not For Loan | 2023-03-06 | Books | 2 | Purchased | Non Fiction | Liberation War Collection | 513242 | Dhaka University Library | মুক্তিযুদ্ধ বিষয়ক সেল | 954.92 HRI |
